<?xml version="1.0" encoding="UTF-8"?>
<collection xmlns="http://www.loc.gov/MARC21/slim">
 <record>
  <leader>03258cam a2200637  a4500</leader>
  <controlfield tag="001">1083672320</controlfield>
  <controlfield tag="003">DE-627</controlfield>
  <controlfield tag="005">20230522124125.0</controlfield>
  <controlfield tag="007">tu</controlfield>
  <controlfield tag="008">880208m19671967gw |||||      00| ||ger c</controlfield>
  <datafield tag="035" ind1=" " ind2=" ">
   <subfield code="a">(DE-627)1083672320</subfield>
  </datafield>
  <datafield tag="035" ind1=" " ind2=" ">
   <subfield code="a">(DE-576)013672320</subfield>
  </datafield>
  <datafield tag="035" ind1=" " ind2=" ">
   <subfield code="a">(DE-599)BSZ013672320</subfield>
  </datafield>
  <datafield tag="035" ind1=" " ind2=" ">
   <subfield code="a">(DE-604)8009271155</subfield>
  </datafield>
  <datafield tag="040" ind1=" " ind2=" ">
   <subfield code="a">DE-627</subfield>
   <subfield code="b">ger</subfield>
   <subfield code="c">DE-627</subfield>
   <subfield code="e">rakwb</subfield>
  </datafield>
  <datafield tag="041" ind1=" " ind2=" ">
   <subfield code="a">ger</subfield>
  </datafield>
  <datafield tag="044" ind1=" " ind2=" ">
   <subfield code="c">XA-DE</subfield>
  </datafield>
  <datafield tag="084" ind1=" " ind2=" ">
   <subfield code="a">9,10</subfield>
   <subfield code="2">ssgn</subfield>
  </datafield>
  <datafield tag="084" ind1=" " ind2=" ">
   <subfield code="a">LH 72000</subfield>
   <subfield code="2">rvk</subfield>
   <subfield code="0">(DE-625)rvk/94904:</subfield>
  </datafield>
  <datafield tag="084" ind1=" " ind2=" ">
   <subfield code="a">LO 49630</subfield>
   <subfield code="2">rvk</subfield>
   <subfield code="0">(DE-625)rvk/103689:</subfield>
  </datafield>
  <datafield tag="084" ind1=" " ind2=" ">
   <subfield code="a">AM 52200</subfield>
   <subfield code="2">rvk</subfield>
   <subfield code="0">(DE-625)rvk/4342:</subfield>
  </datafield>
  <datafield tag="100" ind1="1" ind2=" ">
   <subfield code="a">Roosen-Runge, Heinz</subfield>
   <subfield code="d">1912-1983</subfield>
   <subfield code="0">(DE-588)118602543</subfield>
   <subfield code="0">(DE-627)079394183</subfield>
   <subfield code="0">(DE-576)209087846</subfield>
   <subfield code="4">aut</subfield>
  </datafield>
  <datafield tag="245" ind1="1" ind2="0">
   <subfield code="a">Farbgebung und Technik frühmittelalterlicher Buchmalerei</subfield>
   <subfield code="b">Studien zu den Traktaten &quot;Mappae Clavicula&quot; und &quot;Heraclius&quot;</subfield>
   <subfield code="c">Heinz Roosen-Runge</subfield>
  </datafield>
  <datafield tag="264" ind1=" " ind2="1">
   <subfield code="a">München [u.a.]</subfield>
   <subfield code="b">Dt. Kunstverl.</subfield>
   <subfield code="c">1967-1967</subfield>
  </datafield>
  <datafield tag="336" ind1=" " ind2=" ">
   <subfield code="a">Text</subfield>
   <subfield code="b">txt</subfield>
   <subfield code="2">rdacontent</subfield>
  </datafield>
  <datafield tag="337" ind1=" " ind2=" ">
   <subfield code="a">ohne Hilfsmittel zu benutzen</subfield>
   <subfield code="b">n</subfield>
   <subfield code="2">rdamedia</subfield>
  </datafield>
  <datafield tag="338" ind1=" " ind2=" ">
   <subfield code="a">Band</subfield>
   <subfield code="b">nc</subfield>
   <subfield code="2">rdacarrier</subfield>
  </datafield>
  <datafield tag="490" ind1="0" ind2=" ">
   <subfield code="a">Kunstwissenschaftliche Studien</subfield>
   <subfield code="v">38</subfield>
  </datafield>
  <datafield tag="500" ind1=" " ind2=" ">
   <subfield code="a">Erschienen: Bd. 1 (1967) bis Bd. 2 (1967)</subfield>
  </datafield>
  <datafield tag="689" ind1="0" ind2="0">
   <subfield code="d">u</subfield>
   <subfield code="0">(DE-588)4440388-4</subfield>
   <subfield code="0">(DE-627)224064509</subfield>
   <subfield code="0">(DE-576)212465546</subfield>
   <subfield code="a">Heraclius-Traktat</subfield>
   <subfield code="2">gnd</subfield>
  </datafield>
  <datafield tag="689" ind1="0" ind2=" ">
   <subfield code="5">(DE-627)</subfield>
  </datafield>
  <datafield tag="689" ind1="1" ind2="0">
   <subfield code="d">g</subfield>
   <subfield code="0">(DE-588)4014770-8</subfield>
   <subfield code="0">(DE-627)10466553X</subfield>
   <subfield code="0">(DE-576)208909346</subfield>
   <subfield code="a">England</subfield>
   <subfield code="2">gnd</subfield>
  </datafield>
  <datafield tag="689" ind1="1" ind2="1">
   <subfield code="d">s</subfield>
   <subfield code="0">(DE-588)4016443-3</subfield>
   <subfield code="0">(DE-627)104400994</subfield>
   <subfield code="0">(DE-576)208915974</subfield>
   <subfield code="a">Farbe</subfield>
   <subfield code="2">gnd</subfield>
  </datafield>
  <datafield tag="689" ind1="1" ind2="2">
   <subfield code="d">s</subfield>
   <subfield code="0">(DE-588)4008650-1</subfield>
   <subfield code="0">(DE-627)104318244</subfield>
   <subfield code="0">(DE-576)208877517</subfield>
   <subfield code="a">Buchmalerei</subfield>
   <subfield code="2">gnd</subfield>
  </datafield>
  <datafield tag="689" ind1="1" ind2="3">
   <subfield code="a">z</subfield>
   <subfield code="2">gnd</subfield>
   <subfield code="a">Geschichte 900-1250</subfield>
  </datafield>
  <datafield tag="689" ind1="1" ind2=" ">
   <subfield code="5">(DE-627)</subfield>
  </datafield>
  <datafield tag="689" ind1="2" ind2="0">
   <subfield code="d">s</subfield>
   <subfield code="0">(DE-588)4168858-2</subfield>
   <subfield code="0">(DE-627)105414379</subfield>
   <subfield code="0">(DE-576)209918802</subfield>
   <subfield code="a">Mappae clavicula</subfield>
   <subfield code="2">gnd</subfield>
  </datafield>
  <datafield tag="689" ind1="2" ind2=" ">
   <subfield code="5">(DE-627)</subfield>
  </datafield>
  <datafield tag="689" ind1="3" ind2="0">
   <subfield code="d">s</subfield>
   <subfield code="0">(DE-588)4008650-1</subfield>
   <subfield code="0">(DE-627)104318244</subfield>
   <subfield code="0">(DE-576)208877517</subfield>
   <subfield code="a">Buchmalerei</subfield>
   <subfield code="2">gnd</subfield>
  </datafield>
  <datafield tag="689" ind1="3" ind2="1">
   <subfield code="a">z</subfield>
   <subfield code="2">gnd</subfield>
   <subfield code="a">Geschichte 500-1500</subfield>
  </datafield>
  <datafield tag="689" ind1="3" ind2=" ">
   <subfield code="5">(DE-627)</subfield>
  </datafield>
  <datafield tag="787" ind1="0" ind2="8">
   <subfield code="i">Rezensiert in</subfield>
   <subfield code="a">Kühn, Hermann, 1932 - </subfield>
   <subfield code="t">[Rezension von: Heinz Roosen-Runge, Farbgebung und Technik frühmittelalterlicher Buchmalerei]</subfield>
   <subfield code="d">Nürnberg : Carl, 1968</subfield>
   <subfield code="w">(DE-627)1691571865</subfield>
  </datafield>
  <datafield tag="936" ind1="r" ind2="v">
   <subfield code="a">LH 72000</subfield>
   <subfield code="b">Allgemeine Darstellungen, Geschichte</subfield>
   <subfield code="k">Allgemeines. Allgemeine Kunstgeschichte</subfield>
   <subfield code="k">Kunstgeschichte einzelner Gattungen der Kunst</subfield>
   <subfield code="k">Buchmalerei</subfield>
   <subfield code="k">Allgemeine Darstellungen, Geschichte</subfield>
   <subfield code="0">(DE-627)1270703978</subfield>
   <subfield code="0">(DE-625)rvk/94904:</subfield>
   <subfield code="0">(DE-576)200703978</subfield>
  </datafield>
  <datafield tag="936" ind1="r" ind2="v">
   <subfield code="a">LO 49630</subfield>
   <subfield code="b">Gotik</subfield>
   <subfield code="k">Kunst nach Ländern bzw. Kontinenten</subfield>
   <subfield code="k">Spanien, Portugal</subfield>
   <subfield code="k">Kunstgeschichte Spaniens und Portugals nach Gattungen</subfield>
   <subfield code="k">Buchmalerei</subfield>
   <subfield code="k">Ordnung nach Epochen</subfield>
   <subfield code="k">Gotik</subfield>
   <subfield code="0">(DE-627)1271248069</subfield>
   <subfield code="0">(DE-625)rvk/103689:</subfield>
   <subfield code="0">(DE-576)201248069</subfield>
  </datafield>
  <datafield tag="936" ind1="r" ind2="v">
   <subfield code="a">AM 52200</subfield>
   <subfield code="b">Technik der Buchmalerei (Federzeichnung, Lavierung, Deckfarbenmalerei usw.)</subfield>
   <subfield code="k">Schrift und Handschriftenkunde. Schriftarten und Schreiben</subfield>
   <subfield code="k">Handschriftenkunde</subfield>
   <subfield code="k">Buchmalerei</subfield>
   <subfield code="k">Technik der Buchmalerei (Federzeichnung, Lavierung, Deckfarbenmalerei usw.)</subfield>
   <subfield code="0">(DE-627)1270666290</subfield>
   <subfield code="0">(DE-625)rvk/4342:</subfield>
   <subfield code="0">(DE-576)200666290</subfield>
  </datafield>
  <datafield tag="951" ind1=" " ind2=" ">
   <subfield code="a">MC</subfield>
  </datafield>
  <datafield tag="990" ind1=" " ind2=" ">
   <subfield code="a">Heraclius-Traktat</subfield>
  </datafield>
  <datafield tag="990" ind1=" " ind2=" ">
   <subfield code="a">England</subfield>
  </datafield>
  <datafield tag="990" ind1=" " ind2=" ">
   <subfield code="a">Farbe</subfield>
  </datafield>
  <datafield tag="990" ind1=" " ind2=" ">
   <subfield code="a">Buchmalerei</subfield>
  </datafield>
  <datafield tag="990" ind1=" " ind2=" ">
   <subfield code="a">Geschichte 900-1250</subfield>
  </datafield>
  <datafield tag="990" ind1=" " ind2=" ">
   <subfield code="a">Mappae clavicula</subfield>
  </datafield>
  <datafield tag="990" ind1=" " ind2=" ">
   <subfield code="a">Buchmalerei</subfield>
  </datafield>
  <datafield tag="990" ind1=" " ind2=" ">
   <subfield code="a">Geschichte 500-1500</subfield>
  </datafield>
  <datafield tag="991" ind1=" " ind2=" ">
   <subfield code="a">Rezensiertes Werk</subfield>
  </datafield>
  <datafield tag="999" ind1=" " ind2=" ">
   <subfield code="a">KXP-PPN1083672320</subfield>
   <subfield code="e">405487780X</subfield>
  </datafield>
 </record>
</collection>
